[Event "20. Dolomitenbank Open-A 2019"]
[Site "Lienz"]
[Date "2019.02.09"]
[Round "1.8"]
[White "Goh, Wei Ming Kevin"]
[Black "Ng, Jen Sheng"]
[Result "0-1"]
[WhiteElo "2477"]
[BlackElo "2153"]
[Annotator "ChessBase"]
[PlyCount "58"]
[EventDate "2019.02.09"]
[EventType "swiss"]
[EventCountry "AUT"]
[SourceTitle "playchess.com"]
[Source "ChessBase"]
[SourceQuality "1"]
[TimeControl "40/5400+30:1800+30"]

1. d4 {[%emt 0:00:13]} Nf6 {[%emt 0:00:00]} 2. Bg5 {[%emt 0:01:00]} Ne4 {[%emt 0:00:00]} 3. Bf4 {[%emt 0:00:05]} d5 {[%emt 0:00:00]} 4. e3 {[%emt 0:00:13]} c5 {[%emt 0:00:00]} 5. Bd3 {[%emt 0:00:17]} cxd4 {[%emt 0:03:10]} 6. Bxe4 {[%emt 0:07:59]} dxe4 {[%emt 0:00:12]} 7. exd4 {[%emt 0:00:04]} e6 {[%emt 0:10:02]} 8. Ne2 {[%emt 0:02:42]} Nc6 {[%emt 0:02:41]} 9. O-O {[%emt 0:02:14]} Be7 {[%emt 0:01:35]} 10. Nbc3 {[%emt 0:00:34]} f5 {[%emt 0:03:28]} 11. f3 {[%emt 0:03:07]} exf3 {[%emt 0:06:01]} 12. Rxf3 {[%emt 0:00:09]} O-O {[%emt 0:00:58]} 13. Qd3 {[%emt 0:21:51]} Bf6 {[%emt 0:09:31]} 14. Rd1 {[%emt 0:00:46]} b6 {[%emt 0:02:20]} 15. a3 {[%emt 0:15:24]} Bb7 {[%emt 0:15:05]} 16. Re3 {[%emt 0:02:00]} g5 {[%emt 0:03:56]} 17. Rg3 {[%emt 0:05:34]} Kh8 {[%emt 0:03:42]} 18. Bc1 {[%emt 0:00:49]} f4 {[%emt 0:08:57]} 19. Rh3 {[%emt 0:00:10]} Qe7 {[%emt 0:02:36]} 20. Ne4 {[%emt 0:12:09]} Rad8 {[%emt 0:05:21]} 21. c3 {[%emt 0:00:07]} Qg7 {[%emt 0:04:43]} 22. Qc2 {[%emt 0:04:09]} Ne7 23. Nf2 {[%emt 0:01:19]} Nf5 {[%emt 0:07:38]} 24. Ng4 {[%emt 0:04:20]} Nh4 {[%emt 0:01:04]} 25. Kf2 {[%emt 0:09:02]} Bxg2 {[%emt 0:07:27]} 26. Rxh4 {[%emt 0:00:46]} gxh4 {[%emt 0:00:00]} 27. Nxf6 {[%emt 0:00:18]} Rxf6 {[%emt 0:00:01]} 28. Rg1 {[%emt 0:00:46]} h3 {[%emt 0:00:08]} 29. Bxf4 {[%emt 0:00:28]} Qg4 {[%emt 0:00:41]} 0-1

[Event "20. Dolomitenbank Open-A 2019"]
[Site "Lienz"]
[Date "2019.02.10"]
[Round "3.1"]
[White "Ruff, Maximilian"]
[Black "Kunin, Vitaly"]
[Result "1/2-1/2"]
[WhiteElo "2312"]
[BlackElo "2531"]
[Annotator "TA"]
[PlyCount "102"]
[EventDate "2019.02.09"]
[EventType "swiss"]
[EventCountry "AUT"]
[SourceTitle "playchess.com"]
[Source "ChessBase"]
[SourceQuality "1"]

{[%evp 13,102,6,1,-16,-8,-8,19,22,14,5,14,10,14,19,3,0,0,-13,27,-14,-12,-14,-14,-15,0,-14,0,-12,0,0,0,-10,-6,-14,0,0,0,0,0,0,0,-6,-10,-27,0,0,0,-9,-9,-9,0,-9,-9,-123,-123,-123,-124,-132,0,0,0,0,0,0,0,0,0,0,0,0,0,0,0,0,0,0,0,0,0,0,0,0,0,0,0,0,0,0,0,0,0]} 1. d4 d5 2. c4 dxc4 3. e3 a6 4. Bxc4 Nf6 5. Nf3 b5 6. Bb3 e6 7. O-O Bb7 8. a4 {D26: Queen's Gambit Accepted: 4 e3 e6 5 Bxc5 c5 sidelines} Nbd7 9. Qe2 Qb8 10. axb5 $146 ({Predecessor:} 10. Nbd2 c5 11. Bc2 cxd4 12. Nxd4 bxa4 13. Bxa4 Bd6 14. h3 O-O 15. Nc4 Ne5 16. Nxd6 Qxd6 {1-0 (47) Bykhovsky,A (2459)-Kunin,V (2546) Budva 2009}) 10... axb5 11. Rxa8 Bxa8 12. Na3 b4 13. Nc4 Be7 14. Bc2 O-O 15. e4 {[%cal Be3e4,Be4e5][%mdl 32]} Qb5 16. e5 Bxf3 17. gxf3 Nd5 18. Bd3 g6 19. Bh6 Ra8 20. Rc1 Qb8 21. Be4 {[#] Threatens to win with Bxd5.} c6 22. Nd2 Qd8 23. f4 Qb6 24. Nb3 Bf8 25. Bxf8 Rxf8 26. Qd2 Qb5 27. Nc5 Nxc5 28. Rxc5 Qa4 (28... Qb6 {is interesting.} 29. Kg2 Kg7 30. Bxd5 cxd5 31. Qd3 Qa7) 29. f5 exf5 30. Bxd5 cxd5 $11 {[%mdl 4096] Endgame KQR-KQR} 31. h3 Rd8 32. Qg5 Re8 {aiming for ...Qd1+.} 33. Rxd5 (33. Kg2 $11) 33... Qa1+ $17 34. Kh2 Qxb2 35. Qh4 {[#] intending Rd8.} Qa2 (35... h6 $1 $17 {[%mdl 512]} 36. Rd8 (36. Qxh6 Qxf2+) 36... Rxd8 37. Qxd8+ Kh7) 36. Rd8 $11 {The position is equal.} Qe6 {White must now prevent ...b3.} 37. f4 $1 Rxd8 38. Qxd8+ {KQ-KQ} Kg7 39. d5 Qa6 {...b3 is the strong threat.} 40. d6 Qe2+ 41. Kg3 h5 42. Qf6+ Kg8 43. Qd8+ Kg7 44. Qf6+ Kg8 {( -> ...h4+!)} 45. Qd8+ Kh7 {And now ...Qd3+ would win.} 46. Qe7 Qe3+ (46... Kg7 $5 47. Qf6+ $8 $11) 47. Kg2 Qd2+ 48. Kg3 Qe1+ 49. Kg2 Qe4+ 50. Kg3 Qe3+ 51. Kg2 Qe2+ {Precision: White = 64%, Black = 51%.} 1/2-1/2

[Event "20. Dolomitenbank Open-A 2019"]
[Site "Lienz"]
[Date "2019.02.10"]
[Round "3.2"]
[White "Ankit, R. Rajpara"]
[Black "Low, Zhen Yu Cyrus"]
[Result "1/2-1/2"]
[WhiteElo "2451"]
[BlackElo "2377"]
[Annotator "TA"]
[PlyCount "77"]
[EventDate "2019.02.09"]
[EventType "swiss"]
[EventCountry "AUT"]
[SourceTitle "playchess.com"]
[Source "ChessBase"]
[SourceQuality "1"]

{[%evp 17,77,12,13,7,4,6,4,0,24,31,25,20,60,48,63,0,0,0,0,0,0,-4,3,2,2,8,8,8,3,5,14,0,0,0,0,-2,0,0,0,0,8,7,8,0,0,0,0,0,21,0,0,0,0,0,0,0,0,0,0,0,0,0]} 1. d4 Nf6 2. c4 g6 3. g3 Bg7 4. Bg2 d5 5. cxd5 Nxd5 6. Nf3 Nb6 7. Nc3 Nc6 8. e3 O-O 9. O-O Re8 10. Nh4 {D76: Fianchetto Grünfeld: Main Line with 7...Nb6} (10. a3 e5 11. d5 Na5 12. Qc2 c6 13. b4 Nac4 14. dxc6 bxc6 15. Rd1 Bf5 16. e4 Bd7 17. Na4 Nxa4 18. Qxc4 {½-½ (50) Le,Q (2737)-Ivanchuk,V (2726) Huaian 2017}) 10... e5 {[%cal Re5d4]} 11. d5 Nb4 12. Qb3 Na6 13. e4 c6 14. Be3 cxd5 15. exd5 Bd7 16. Rfd1 $146 ({White should play} 16. Rac1 $14) ({Predecessor:} 16. Ne4 f5 17. Ng5 Ba4 {½-½ (43) Visakh,N (2467)-Doshi,M (2203) New Delhi 2018}) 16... Rc8 {The position is equal.} 17. d6 Be6 18. Bxb6 axb6 19. Nd5 g5 20. Ne7+ Qxe7 $1 21. dxe7 Bxb3 22. axb3 {Hoping for Nf5.} gxh4 23. Bxb7 {[%mdl 64] [#] Double Attack} Rc7 24. Rd8 Rcxe7 25. Rxe8+ Rxe8 26. Rxa6 hxg3 27. hxg3 $11 {[%mdl 4096] Endgame KRB-KRB} e4 28. Rxb6 Rb8 29. Rb5 Kf8 30. Bc6 Rxb5 31. Bxb5 {KB-KB} Ke7 32. g4 Bd4 33. Kf1 Kd6 34. Bc4 f6 35. Bg8 h6 36. b4 Bxb2 37. Bh7 Ke5 38. b5 Bd4 39. Kg2 {Accuracy: White = 66%, Black = 68%.} 1/2-1/2

[Event "20. Dolomitenbank Open-A 2019"]
[Site "Lienz"]
[Date "2019.02.10"]
[Round "3.3"]
[White "Mesaros, Florian"]
[Black "Liu, Zhaoqi"]
[Result "1-0"]
[WhiteElo "2449"]
[BlackElo "2323"]
[Annotator "TA"]
[PlyCount "85"]
[EventDate "2019.02.09"]
[EventType "swiss"]
[EventCountry "AUT"]
[SourceTitle "playchess.com"]
[Source "ChessBase"]
[SourceQuality "1"]

{[%evp 12,85,26,28,24,30,36,0,3,-13,-7,-21,-3,-16,0,0,15,8,22,6,13,11,20,12,10,12,22,25,62,16,25,-25,-10,-16,17,12,9,0,0,0,0,-49,-56,-38,-36,-50,0,-23,0,0,0,0,93,93,93,96,127,127,131,128,243,241,250,218,218,215,212,214,254,231,29980,29981,29996,29997,29997,29998]} 1. Nf3 Nf6 2. c4 c5 3. Nc3 g6 4. g3 Bg7 5. Bg2 O-O 6. d4 cxd4 7. Nxd4 Qc7 {E60: King's Indian: Unusual lines and Fianchetto Variation without Nc3} 8. Qd3 Nc6 9. Ndb5 (9. Bf4 d6 10. Nxc6 bxc6 11. O-O Bf5 12. Qd2 Nd7 13. Bh6 Bxh6 14. Qxh6 Nf6 15. h3 {1-0 (80) Vidit,S (2711)-Shimanov,A (2626) chess.com INT 2018}) 9... Qd8 {The position is equal.} 10. e3 $146 ({Predecessor:} 10. Qd2 a6 11. Nd4 Nxd4 12. Qxd4 d6 13. O-O Nd7 14. Qe3 Rb8 15. Bd2 {1-0 (31) Donchenko,A (2559)-Kevlishvili,R (2417) Basel 2017}) 10... d6 11. O-O Bg4 12. b3 d5 13. cxd5 Nb4 14. Qb1 Nbxd5 15. Nxd5 Nxd5 16. Bb2 Nf6 17. a4 (17. Bxb7 $2 Rb8 $17) 17... a6 18. Na3 Rc8 19. Bd4 Qa5 20. h3 Be6 21. Rd1 ({Reject} 21. Bxb7 Rb8 $15) (21. Nc4 $5 {[%cal Rc4a5]} Qb4 22. a5 $11) 21... Qb4 22. Nc4 b5 23. axb5 axb5 24. Na5 Bf5 25. Qb2 Rc2 26. Qa3 Qxa3 27. Rxa3 Rfc8 28. Nc6 Bf8 {And now ...e5 would win.} 29. Ra6 (29. Na7 {is interesting.} e5 30. Bxe5 Re8 31. Ra6 Ne4 32. Bxe4 Bxe4 33. Bf6) 29... Be4 (29... Ne4 {looks sharper.} 30. g4 R2xc6 31. Rxc6 Rxc6 32. gxf5 gxf5 33. Ra1 f6) 30. Nxe7+ {[%mdl 64] [#] Remove Defender} Bxe7 31. Bxf6 Bxg2 (31... Rc1 $1 $11 {remains equal.} 32. Rf1 Rxf1+ 33. Kxf1 Rc1+ 34. Ke2 Rc2+ 35. Kd1 Rxf2 {[%mdl 64] Double Attack} 36. Bxe4 Rxf6 37. Ra8+ Kg7) 32. Kxg2 $16 Bxf6 33. Rxf6 $11 {[%mdl 4096] Endgame KRR-KRR} Kg7 34. Rf4 R8c7 35. Rd5 b4 (35... Rb7 $16 36. b4 h6) 36. Rb5 $18 ({Resist} 36. Rxb4 Re7) 36... Rb2 37. Rbxb4 f5 38. g4 fxg4 39. hxg4 Kh6 40. Kg3 Rc3 $2 (40... Rb1 $18 41. Rb5 Rg1+ 42. Kh2 Rf1) 41. Rf7 {White mates.} Rbxb3 {[#]} 42. g5+ $1 {[%mdl 576] Decoy} Kxg5 43. Rg4+ {Accuracy: White = 52%, Black = 35%.} 1-0

[Event "20. Dolomitenbank Open-A 2019"]
[Site "Lienz"]
[Date "2019.02.10"]
[Round "3.4"]
[White "Thipsay, Bagyashree Sathe"]
[Black "Sadhwani, Raunak"]
[Result "1/2-1/2"]
[WhiteElo "2062"]
[BlackElo "2448"]
[Annotator "TA"]
[PlyCount "90"]
[EventDate "2019.02.09"]
[EventType "swiss"]
[EventCountry "AUT"]
[SourceTitle "playchess.com"]
[Source "ChessBase"]
[SourceQuality "1"]

{[%evp 22,90,27,0,21,22,24,20,15,20,52,18,22,0,21,0,0,0,0,0,0,0,3,0,27,26,45,42,77,73,81,73,83,84,75,82,118,92,97,93,85,14,18,8,12,0,4,0,66,22,130,116,117,125,175,145,204,208,180,0,0,0,0,0,0,0,0,0,0,0,0]} 1. e4 c5 2. Nf3 d6 3. d4 cxd4 4. Qxd4 Nc6 5. Bb5 Bd7 6. Qd3 Nf6 7. c4 a6 8. Bxc6 Bxc6 9. Nc3 g6 10. O-O Bg7 11. h3 O-O 12. Be3 Rc8 {B53: Sicilian: 2...d6: Lines with Qxd4} (12... b5 $5) 13. Nd4 Nd7 14. Rac1 Nc5 15. Qc2 Bd7 {[#]} 16. Qe2 $146 ({Predecessor:} 16. Qd2 Qe8 17. Nde2 b5 18. b4 Ne6 19. cxb5 Bxb5 20. Nd5 {1-0 (55) Zvjaginsev,V (2683)-Frolyanov,D (2564) Tyumen 2012}) 16... Qe8 17. f3 f5 (17... b5 $5) 18. exf5 gxf5 19. Nd5 e5 (19... f4 $5 20. Bf2 $8 e5 $11) 20. Nb3 Nxb3 21. axb3 Kh8 22. Rcd1 Be6 23. f4 Rf7 24. Rfe1 Qc6 25. Nb4 Qc7 26. Qd2 a5 27. Nd5 Bxd5 28. Qxd5 e4 29. Qxd6 Bxb2 30. Re2 $36 {[%mdl 2048] Keeping Black busy.} Bc3 31. Qxc7 (31. Qe6 $16) 31... Rcxc7 $11 32. Rc2 Bb4 33. Rd8+ Kg7 34. Rc1 Kh6 ({Black should play} 34... Rfd7 $11 35. Rd1 Rxd1+ 36. Rxd1 b5) 35. Rcd1 Rg7 (35... a4 $1 $11) 36. R1d5 $16 Rg3 {[#]} 37. Bd4 $1 e3 {Strongly threatening ...e2.} 38. Re5 Bd2 {[#]} (38... Rc6 $16) 39. Rd6+ $1 $18 Rg6 40. Rxg6+ $2 (40. Rdd5 $18) 40... hxg6 $11 {The position is equal.} 41. Bxe3 (41. Re8 {looks sharper.} e2 42. Rxe2 Bxf4 43. Bb6 Rd7 44. Bxa5 Rd3 45. Kf1) 41... Bxe3+ 42. Rxe3 $18 {KR-KR} a4 $1 43. bxa4 Rxc4 {[%mdl 64] Double Attack} 44. Rb3 Rxf4 45. Rxb7 Rxa4 {Accuracy: White = 60%, Black = 41%.} 1/2-1/2

[Event "20. Dolomitenbank Open-A 2019"]
[Site "Lienz"]
[Date "2019.02.10"]
[Round "3.5"]
[White "Hacker, Jonas"]
[Black "Solodovnichenko, Yuri"]
[Result "0-1"]
[WhiteElo "2369"]
[BlackElo "2574"]
[Annotator "RC"]
[PlyCount "108"]
[EventDate "2019.02.09"]
[EventType "swiss"]
[EventCountry "AUT"]
[SourceTitle "playchess.com"]
[Source "ChessBase"]
[SourceQuality "1"]
[TimeControl "40/5400+30:1800+30"]

1. e4 {[%emt 0:00:00]} c5 {[%emt 0:00:00]} 2. Nf3 {[%emt 0:00:00]} d6 {[%emt 0:00:00]} 3. d4 {[%emt 0:00:00]} Nf6 {[%emt 0:00:03]} 4. Nc3 {[%emt 0:00:11]} cxd4 {[%emt 0:00:04]} 5. Nxd4 {[%emt 0:00:09]} a6 {[%emt 0:00:06]} 6. Bg5 {[%emt 0:00:19]} e6 {[%emt 0:00:06]} 7. f4 {[%emt 0:00:17]} h6 {[%emt 0:00:07]} 8. Bh4 {[%emt 0:00:23]} Qb6 {[%emt 0:00:07]} 9. a3 {[%emt 0:01:47]} Be7 {[%emt 0:00:15]} 10. Bf2 {[%emt 0:03:03]} Qc7 {[%emt 0:02:51]} 11. g4 {[%emt 0:06:31]} g5 {[%emt 0:03:50]} 12. f5 {[%emt 0:04:37]} Nc6 {[%emt 0:05:44]} 13. Nxc6 {[%emt 0:11:21]} Qxc6 {[%emt 0:01:49]} 14. Bg2 {[%emt 0:01:37]} h5 {[%emt 0:03:27]} 15. fxe6 {[%emt 0:09:23]} Bxe6 {[%emt 0:02:36]} 16. gxh5 {[%emt 0:04:05]} Nxh5 {[%emt 0:08:32]} 17. Nd5 {[%emt 0:14:26]} Bxd5 {[%emt 0:05:52]} 18. exd5 {[%emt 0:00:49]} Qc4 {[%emt 0:00:23]} 19. Qd4 {[%emt 0:02:24]} Qxd4 {[%emt 0:00:05]} 20. Bxd4 {[%emt 0:00:03]} Bf6 {[%emt 0:00:10]} 21. Bxf6 {[%emt 0:02:43]} Nxf6 {[%emt 0:00:06]} 22. O-O {[%emt 0:00:05]} Ng4 {[%emt 0:00:32]} 23. Rf5 {[%emt 0:01:36]} Rg8 {[%emt 0:03:25]} 24. Re1+ {[%emt 0:04:22]} Ne5 {[%emt 0:00:27]} 25. Re4 {[%emt 0:00:44]} Rc8 {[%emt 0:03:43]} 26. c3 {[%emt 0:01:51]} Ke7 {[%emt 0:01:08]} 27. Bf1 {[%emt 0:04:51]} b5 {[%emt 0:09:26]} 28. Be2 {[%emt 0:02:41]} Rc5 {[%emt 0:00:43]} 29. Rd4 {[%emt 0:00:12]} f6 {[%emt 0:01:39]} 30. Rf1 {[%emt 0:04:44]} Rh8 {[%emt 0:03:08]} 31. Ra1 {[%emt 0:03:03]} f5 {[%emt 0:01:04]} 32. a4 {[%emt 0:00:47]} bxa4 {[%emt 0:00:42]} 33. Raxa4 {[%emt 0:00:52]} a5 {[%emt 0:00:53]} 34. Rd2 {[%emt 0:02:57]} g4 {[%emt 0:00:53]} 35. Bd1 {[%emt 0:01:54]} Kf6 {[%emt 0:01:07]} 36. Rad4 {[%emt 0:06:01]} Kg5 {[%emt 0:00:47]} 37. Rf2 {[%emt 0:00:16]} Rc4 {[%emt 0:02:55]} 38. Rff4 {[%emt 0:01:49]} Rxd4 {[%emt 0:03:01]} 39. Rxd4 {[%emt 0:00:02]} f4 {[%emt 0:01:01]} 40. Ra4 {[%emt 0:01:27]} f3 {[%emt 0:02:54]} 41. Rd4 {[%emt 0:34:59]} Rh7 {[%emt 0:37:32]} 42. b3 {[%emt 0:00:00]} Rh8 {[%emt 0:00:00]} 43. c4 {[%emt 0:00:00]} Rh7 {[%emt 0:00:00]} 44. Re4 {[%emt 0:00:00]} a4 {[%emt 0:00:00]} 45. bxa4 {[%emt 0:00:00]} Rb7 {[%emt 0:00:00]} 46. Rd4 {[%emt 0:00:00]} Rb2 {[%emt 0:00:00]} 47. Kh1 {[%emt 0:00:00]} Kh4 {[%emt 0:00:00]} 48. c5 {[%emt 0:00:00]} dxc5 {[%emt 0:00:00]} 49. Re4 {[%emt 0:00:00]} Rb1 {[%emt 0:00:00]} 50. Re1 {[%emt 0:00:00]} Nd3 {[%emt 0:00:00]} 51. Rf1 {[%emt 0:00:00]} Nf2+ {[%emt 0:00:00]} 52. Kg1 {[%emt 0:00:00]} Nxd1 {[%emt 0:00:00]} 53. d6 {[%emt 0:00:00]} f2+ {[%emt 0:00:00]} 54. Kh1 {[%emt 0:00:00]} Kh3 0-1

[Event "20. Dolomitenbank Open-A 2019"]
[Site "Lienz"]
[Date "2019.02.10"]
[Round "3.6"]
[White "Istratescu, Andrei"]
[Black "Singer, Christoph"]
[Result "1/2-1/2"]
[WhiteElo "2555"]
[BlackElo "2338"]
[Annotator "RC"]
[PlyCount "39"]
[EventDate "2019.02.09"]
[EventType "swiss"]
[EventCountry "AUT"]
[SourceTitle "playchess.com"]
[Source "ChessBase"]
[SourceQuality "1"]
[TimeControl "40/5400+30:1800+30"]

1. d4 {[%emt 0:00:00]} d5 {[%emt 0:00:00]} 2. c4 {[%emt 0:00:00]} e6 {[%emt 0:00:00]} 3. Nc3 {[%emt 0:00:00]} Be7 {[%emt 0:00:00]} 4. Nf3 {[%emt 0:00:00]} Nf6 {[%emt 0:00:00]} 5. Bf4 {[%emt 0:00:00]} O-O {[%emt 0:00:02]} 6. e3 {[%emt 0:00:00]} b6 {[%emt 0:00:10]} 7. cxd5 {[%emt 0:01:25]} Nxd5 {[%emt 0:00:10]} 8. Nxd5 {[%emt 0:00:04]} Qxd5 {[%emt 0:00:29]} 9. Bd3 {[%emt 0:00:46]} Qa5+ {[%emt 0:03:13]} 10. Nd2 {[%emt 0:06:56]} Ba6 {[%emt 0:02:54]} 11. Be4 {[%emt 0:04:48]} Nd7 {[%emt 0:01:22]} 12. a3 {[%emt 0:08:48]} Rac8 {[%emt 0:17:07]} 13. Bc6 {[%emt 0:08:50]} Bb5 {[%emt 0:21:07]} 14. b4 {[%emt 0:27:32]} Qa6 {[%emt 0:00:42]} 15. Bxb5 {[%emt 0:03:27]} Qxb5 {[%emt 0:00:13]} 16. Qe2 {[%emt 0:00:02]} a6 {[%emt 0:07:28]} 17. Qxb5 {[%emt 0:05:52]} axb5 {[%emt 0:00:08]} 18. Ke2 {[%emt 0:00:13]} c5 {[%emt 0:01:18]} 19. bxc5 {[%emt 0:02:16]} bxc5 {[%emt 0:00:03]} 20. dxc5 1/2-1/2

[Event "20. Dolomitenbank Open-A 2019"]
[Site "Lienz"]
[Date "2019.02.10"]
[Round "3.7"]
[White "Maiorov, Nikita"]
[Black "Lin, Yi"]
[Result "1/2-1/2"]
[WhiteElo "2523"]
[BlackElo "2345"]
[Annotator "TA"]
[PlyCount "85"]
[EventDate "2019.02.09"]
[EventType "swiss"]
[EventCountry "AUT"]
[SourceTitle "playchess.com"]
[Source "ChessBase"]
[SourceQuality "1"]

{[%evp 14,85,9,20,8,8,16,0,0,0,14,0,3,6,10,8,16,18,7,8,48,35,39,31,50,54,51,53,46,54,48,48,53,44,53,54,54,27,25,21,22,0,0,0,0,-16,-35,-35,0,0,0,0,0,0,0,0,0,0,0,0,4,2,3,3,4,4,5,4,3,0,0,0,5,0]} 1. d4 Nf6 2. c4 g6 3. g3 c6 4. Bg2 d5 5. Nf3 Bg7 6. Nbd2 O-O 7. O-O a5 8. b3 a4 {D78: Fianchetto Grünfeld: 6 0-0 c6} (8... Ne4 9. Bb2 Bf5 10. Nh4 Nxd2 11. Qxd2 Be6 12. f4 Nd7 13. f5 gxf5 14. Nxf5 Bxf5 15. Rxf5 e6 16. Rff1 f5 17. cxd5 cxd5 18. Rac1 Nf6 19. Bf3 a4 {0-1 (39) Wang,H (2730)-Dubov,D (2703) St Petersburg 2018}) 9. Ba3 Re8 10. e3 Bf5 11. Re1 Nbd7 12. h3 $146 ({Predecessor:} 12. cxd5 cxd5 13. bxa4 Qa5 14. Qb3 Qxa4 15. Bb4 Bf8 {0-1 (15) Trivedi,K (2270)-Sacripanti,G (2317) ICCF email 2016}) 12... Bd3 13. cxd5 cxd5 14. bxa4 b5 15. Nb3 Bc4 $1 16. a5 Bxb3 17. axb3 {Strongly threatening Bb4.} Qxa5 18. Qd2 Qb6 19. Bb4 e6 20. Bf1 Ne4 21. Qe2 Rxa1 $1 22. Rxa1 Rb8 23. Qe1 Bf8 24. Bxf8 Kxf8 25. Ra5 b4 26. Qa1 Qc7 27. Ne1 Qc3 28. Qxc3 bxc3 29. Bb5 Ndf6 30. Nc2 Nd2 31. b4 {The position is equal.} Nb3 32. Ra3 Nxd4 33. Nxd4 {[#] And now Bd3 would win.} e5 34. Nc6 Rxb5 35. Rxc3 $11 {[%mdl 4096] Endgame KRN-KRN} Ne4 36. Ra3 Rb6 37. Nxe5 Rxb4 38. Ra8+ Kg7 39. Ra7 Kf6 40. Ra6+ Kg7 $1 ({Not} 40... Kxe5 41. f4+ Kf5 42. g4#) 41. Ra7 Kf6 42. Ra6+ Kg7 $1 ({And not} 42... Kxe5 43. f4+ Kf5 44. g4#) 43. Ra7 {Accuracy: White = 68%, Black = 70%.} 1/2-1/2

[Event "20. Dolomitenbank Open-A 2019"]
[Site "Lienz"]
[Date "2019.02.10"]
[Round "3.8"]
[White "Navalgund, Niranjan"]
[Black "Prusikin, Michael"]
[Result "1/2-1/2"]
[WhiteElo "2359"]
[BlackElo "2517"]
[Annotator "TA"]
[PlyCount "26"]
[EventDate "2019.02.09"]
[EventType "swiss"]
[EventCountry "AUT"]
[SourceTitle "playchess.com"]
[Source "ChessBase"]
[SourceQuality "1"]

{[%evp 9,26,7,16,4,19,1,14,0,0,0,0,-6,0,0,0,0,0,0,0]} 1. d4 d5 2. Nf3 e6 3. c4 a6 4. g3 (4. e3 Nf6 5. Nc3 dxc4 6. Bxc4 b5 7. Be2 Bb7 8. O-O Nbd7 9. b3 c5 10. Bb2 Be7 11. Rc1 O-O 12. Qc2 Rc8 13. Qb1 Qb6 14. Rfd1 Rfd8 15. h3 h6 16. dxc5 Nxc5 17. Rxd8+ Rxd8 {0-1 (59) Mamedyarov,S (2817)-Carlsen,M (2835) St Petersburg 2018}) 4... dxc4 5. Bg2 b5 {The position is equal.} 6. Ne5 {D30: Queen's Gambit Declined: Systems without Nc3} c6 7. a4 {[#] And now axb5 would win.} Bb7 $1 8. axb5 axb5 9. Rxa8 Bxa8 10. Nc3 Nf6 11. O-O Bd6 $146 ({Predecessor:} 11... Be7 12. Nxb5 cxb5 13. Bxa8 O-O 14. Bg2 Nd5 15. e4 {1-0 (49) Vogel,R (2426)-Kantor,G (2424) Prague 2016}) 12. Nxb5 cxb5 13. Bxa8 O-O 1/2-1/2

[Event "20. Dolomitenbank Open-A 2019"]
[Site "Lienz"]
[Date "2019.02.12"]
[Round "5.1"]
[White "Zhang, Ziji"]
[Black "Solodovnichenko, Yuri"]
[Result "1/2-1/2"]
[WhiteElo "2406"]
[BlackElo "2574"]
[Annotator "TA"]
[PlyCount "30"]
[EventDate "2019.02.09"]
[EventType "swiss"]
[EventCountry "AUT"]
[SourceTitle "playchess.com"]
[Source "ChessBase"]
[SourceQuality "1"]

{[%evp 22,30,16,17,15,16,16,12,10,14,14]} 1. d4 d5 2. c4 dxc4 3. Nf3 Nf6 4. e3 e6 5. Bxc4 a6 6. O-O c5 7. dxc5 Qxd1 8. Rxd1 Bxc5 9. Nbd2 Nbd7 10. Be2 b6 11. b3 Bb7 12. Bb2 {The position is equal.} O-O {D27: Queen's Gambit Accepted: Classical main line: 7 e4!? and 7 a4} 13. Rac1 (13. Nc4 Rfd8 14. Ne1 Bd5 15. Rac1 Rac8 16. Nd3 Be7 17. Nce5 Bb7 18. Nc4 Bd5 19. Nd2 Bb7 20. Kf1 h6 21. Bf3 {1-0 (51) Carlsen,M (2835)-Mamedyarov,S (2817) Wijk aan Zee 2019}) 13... Rac8 14. Nc4 Rfd8 {[#]} 15. a3 $146 ({Predecessor:} 15. Nfe5 h6 16. Nxd7 Rxd7 17. Rxd7 Nxd7 18. Rd1 Bc6 19. a4 Bb4 20. Nd6 Rd8 21. Nc4 Rc8 22. Nd6 Rd8 23. Nc4 Rc8 24. Nd6 Rd8 {½-½ (24) Nepomniachtchi,I (2705)-Balogh,C (2645) Reykjavik 2015}) 15... Be7 1/2-1/2

[Event "20. Dolomitenbank Open-A 2019"]
[Site "Lienz"]
[Date "2019.02.12"]
[Round "5.2"]
[White "Kunin, Vitaly"]
[Black "Thipsay, Bagyashree Sathe"]
[Result "1-0"]
[WhiteElo "2531"]
[BlackElo "2062"]
[Annotator "TA"]
[PlyCount "87"]
[EventDate "2019.02.09"]
[EventType "swiss"]
[EventCountry "AUT"]
[SourceTitle "playchess.com"]
[Source "ChessBase"]
[SourceQuality "1"]

{[%evp 18,87,43,8,22,20,36,43,65,71,73,57,52,54,75,72,60,58,62,66,79,66,65,71,64,45,49,32,31,-54,53,60,41,50,54,34,22,25,22,0,0,0,34,28,28,28,12,10,10,21,79,47,113,109,110,103,205,206,202,201,177,177,589,549,809,801,652,168,167,157,475,470]} 1. d4 f5 2. Nc3 d5 3. Bf4 a6 4. e3 Nf6 5. Nf3 e6 6. Bd3 {A80: Dutch Defence: Unusual White second moves} c5 7. dxc5 Bxc5 8. Ne2 Nc6 9. O-O O-O (9... Qe7 10. Ned4 Bd7 11. c4 {½-½ (55) Shimanov,A (2641)-Carlsen,M (2834) chess.com INT 2018}) 10. Ned4 {LiveBook: 4 Games} Bd7 11. c4 Nb4 $146 12. Be2 Qe8 13. a3 Nc6 14. b4 Be7 15. Qb3 h6 16. cxd5 Nxd5 17. Bc4 Nxd4 18. Nxd4 Qf7 19. Rad1 b5 20. Bxd5 exd5 21. Nf3 Be6 22. Ne5 Qf6 23. Nc6 (23. Qd3 $14) 23... Rfc8 (23... d4 $1 $15 24. Nxe7+ Qxe7) 24. Be5 $14 Qf7 25. Nd4 Bd7 26. Ne2 Rc4 27. Nf4 Bc6 28. Rd4 g5 29. Nd3 a5 30. Nb2 Qe6 31. f4 Rxd4 32. exd4 axb4 33. axb4 Bd7 (33... g4 $11 {remains equal.}) 34. Nd3 {[%cal Bb2d3,Bd3c5,Bc5e6][%mdl 32]} Qf7 ({Black should try} 34... g4 $14) 35. h3 g4 {[#]} 36. Nc5 $1 {[%cal Rc5d7]} Bc6 (36... Bc8 $16) 37. hxg4 $18 fxg4 38. f5 Bg5 39. Ne6 Bf6 $2 {[#]} (39... Bd7 {is a better chance.} 40. Nxg5 (40. Qxd5 Be3+ 41. Kh2 Rf8 $16) 40... hxg5) 40. Qg3 h5 41. Bxf6 Qxf6 42. Qe5 $2 (42. Qc7 Be8 43. Qb7) 42... Qxe5 43. dxe5 {aiming for Nd4.} Ra2 $2 (43... d4 $16 {is more resistant.}) 44. f6 {Precision: White = 54%, Black = 36%.} 1-0